| 000 | 00625nam a2200193Ia 4500 | ||
|---|---|---|---|
| 008 | 151121s9999||||xx |||||||||||||| ||und|| | ||
| 082 | _a813/सोनव | ||
| 082 | _bHNW-59022 | ||
| 100 | _aसोनवणी संजय | ||
| 245 | _aअखेरचा सम्राट | ||
| 260 | _b"शब्दसन्मान प्रकाशन, पुणे।" | ||
| 260 | _c-- | ||
| 300 | _a250 | ||
| 600 | _aसोनवणी संजय | ||
| 630 | _aअखेरचा सम्राट | ||
| 700 | _aसोनवणी संजय | ||
| 730 | _aअखेरचा सम्राट | ||
| 942 | _cBOOK | ||
| 999 |
_c1240807 _d1240804 |
||